000 00876nam a2200277Ia 4500
001 Z_750
003 CHAP
008 220113s1990 xx 000 0 und d
010 _a163843
040 _cCHAP
090 _aTesis H 528
100 _aHuerta Arechiga, Domingo
_956655
245 _aSituación actual y perspectivas de la producción de leche en la región Autlán El Grullo, Estado de Jalisco (seminario de titulación) /
_cpor Domingo Huerta Arechiga
260 _aChapingo, Méx. :
_bEl autor,
_c1990
300 _a74 h.
502 _aTesis (Ing. Agrónomo Esp. en Zootecnia) -- UACH. Departamento de Zootecnia
650 _aGanado lechero
_xJalisco
_945273
650 _aJalisco
_xGanado lechero
_9137888
650 _aLeche
_xProducción
_965400
901 _aTESIS H 528
902 _aM
910 _a1990
942 _c2
942 _c2
999 _c163843
_d163843